000 00890nam a2200229Ia 4500
001 17026
003 GE_BSU
008 181216s||||||||xx |||||||||||||| ||und||
040 _cGE_BSU
080 _a821.161.1-32
100 _aკუზნეცოვა, აგნია
245 _aქვეყნად მრავალი გზაა
245 _bმოთხრობები
245 _cს. მიხალკოვის წინასიტყვ. ; თარგმნა დ. გაბუნიამ. რედ. დ. ქადაგიშვილი. მხატვ. ხ. მახარაძე
260 _aთბილისი
260 _bნაკადული
260 _c1976
300 _a407გვ. ; 20სმ.
653 _aმოთხრობები
653 _aქვეყნად მრავალი გზაა
942 _cBK
999 _c50088
_d50088